000 00427nam a2200145 i 4500
001 41434
003 ES-MaACL
007 t|
008 030310s1982 sp ||||1| spa d
100 1 _aCasal Campo, Fernando.
_936055
245 1 3 _aLa universidad por dentro
_b: (papel del alumno) /
_cFernando Casal Campo.
260 _aVivero (Lugo) :
_b[s.n.],
_c1982.
300 _a306 p. ;
_c22 cm.
852 _aES-MaACL
_jL-3885
_bR.104859
999 _c41434
_d41434